MARC

LEADER 00000nam0a2200000 4500
001 261900
005 20231101233614.0
035 |a (RuTPU)RU\TPU\book\284882 
090 |a 261900 
100 |a 20140528d1987 m y0rusy50 ca 
101 0 |a rus 
102 |a RU 
105 |a y j 001zy 
200 1 |a Введение в алгебраическую геометрию  |e учебное пособие  |f Л. Б. Медведева  |g Ярославский государственный университет им. П. Г. Демидова (ЯрГУ) 
210 |a Ярославль  |c Изд-во Ярославского ГУ  |d 1987 
215 |a 83 с. 
320 |a Библиогр.: с. 80. 
606 1 |a Алгебраическая геометрия  |2 stltpush  |3 (RuTPU)RU\TPU\subj\1735  |9 30436 
610 1 |a коммутативная алгебра 
610 1 |a аффинные преобразования 
610 1 |a проективные многообразия 
610 1 |a локальные свойства 
610 1 |a морфизмы 
610 1 |a учебные пособия 
675 |a 512.7(075.8)  |v 3 
700 1 |a Медведева  |b Л. Б.  |g Людмила Борисовна 
712 0 2 |a Ярославский государственный университет им. П. Г. Демидова (ЯрГУ)  |2 stltpush  |3 (RuTPU)RU\TPU\col\190 
801 1 |a RU  |b 63413507  |c 20140528 
801 2 |a RU  |b 63413507  |c 20150325  |g RCR 
942 |c BK